00761nam a2200217 a 450000100060000000300080000600500170001400800410003103500200007204000350009204100080012708200270013510000250016224500650018726000700025230000300032249000580035250400510041065000240046183000580048566552BD-RjUL20211209081544.0170318s1961 e a 001 0 eng d a(BD-RjUL) 66682 aBD-RjULbengcBD-RjULdBD-RjUL aeng a621.3815223bFIT 19611 aFitchen, Franklin C.10aTransistor circuit analysis and design /cFranklin C Fitchen aPrinceton, N.J ;aLondon :bVan Nostrand,cc1960 [Reprinted 1961] axi, 356 p :bill ;c24 cm1 aVan Nostrand series in electronics and communications aIncludes bibliographical references and index. aTransistor circuits 0aVan Nostrand series in electronics and communications